LEADER 00515nab a2200133 i 4500 001 000000322983 003 CaOOAMICUS 005 20180831173415.0 008 180831n it uu u0 0ita r 013 $a33304 040 $aSeMil$bita 245 12$aL'amore è più grande di noi. L'augurio di un coadiutore. - In [rubrica] :$bCandidati 2003. 773 0 $t[MAGGIO 2003]. - 32 p.$gp.5$w()261344 996 $6245$aL'amore è più grande di noi. L'augurio di un coadiutore. - In [rubrica] :$bCandidati 2003.$9(OLS)http://semarc/title/396436 LEADER 00454nab a2200133 i 4500 001 000000323436 003 CaOOAMICUS 005 20180831173424.0 008 180831n it uu u0 0ita r 013 $a33781 040 $aSeMil$bita 245 10$a«Vi ho dato l'esempio». - In [rubrica] :$bPreghiera. 773 0 $t[GIUGNO-LUGLIO 2004]. - 32 p.$gp.[16]-[17]$w()261355 996 $6245$a«Vi ho dato l'esempio». - In [rubrica] :$bPreghiera.$9(OLS)http://semarc/title/396828